Les Français dans le TOP 10 du Ballon d'Or depuis 2000 - Statistiques

Statistiques générales
  • Ce quiz a été pris 1 917 fois
    243 depuis la dernière actualisation
  • Le résultat moyen est 28 sur 29
Statistiques - réponses
Année Joueur Classement % Correct
2025 Ousmane Dembélé Gagnant
100%
2017 Kylian Mbappé Septième
99%
Kylian Mbappé Quatrième
99%
2019 Kylian Mbappé Sixième
99%
Kylian Mbappé Neuvième
99%
Kylian Mbappé Sixième
99%
2023 Kylian Mbappé Troisième
99%
2024 Kylian Mbappé Sixième
99%
Kylian Mbappé Septième
99%
2000 Zinédine Zidane Deuxième
99%
Zinédine Zidane Neuvième
99%
2002 Zinédine Zidane Quatrième
99%
Zinédine Zidane Cinquième
99%
Zinédine Zidane Cinquième
99%
2021 Karim Benzema Quatrième
98%
2022 Karim Benzema Gagnant
98%
2016 Antoine Griezmann Troisième
97%
2018 Antoine Griezmann Troisième
97%
2013 Franck Ribéry Troisième
94%
Thierry Henry Quatrième
93%
2001 Thierry Henry Neuvième
93%
Thierry Henry Sixième
93%
2003 Thierry Henry Deuxième
93%
2004 Thierry Henry Quatrième
93%
2005 Thierry Henry Quatrième
93%
2006 Thierry Henry Troisième
93%
Raphaël Varane Septième
89%
N'Golo Kanté Huitième
88%
N'Golo Kanté Cinquième
88%
Aucun quiz correspondant
Distribution des résultats
% des personnes avec chaque résultat
Percentile par nombre de réponses
Votre historique - résultats
Vous n’avez pas pris ce quiz depuis la dernière actualisation